| 000 | 00377nam a22001217a 4500 | ||
|---|---|---|---|
| 082 | _a331.89DHY | ||
| 100 | _aDHYANI. S.N. | ||
| 245 | _aTrade unions and the right to strike; a comparative socio-legal study in labour-management relations | ||
| 260 |
_aDelhi _bS. Chand _c1970 |
||
| 300 |
_axvi, 424 p. _b23 cm. |
||
| 500 | _aIncludes bibliography, index and tables. | ||
| 942 | _cBK | ||
| 999 |
_c12942 _d12942 |
||